| 000 | 00506nam a2200169 4500 | ||
|---|---|---|---|
| 001 | 139563 | ||
| 003 | ES-MaACL | ||
| 005 | 20230906195835.0 | ||
| 007 | t| | ||
| 008 | 070214s1935 sp r ||||1| spa d | ||
| 100 | 1 |
_aScheler, Max. _9104283 |
|
| 245 | 1 | 0 |
_aSociología del saber / _cMax Scheler ; traducción del alemán por José Gaos. |
| 260 |
_aMadrid : _b[s. n.], _c1935 ( _fImp. de Galo Sèz) |
||
| 300 |
_a217 p. ; _c23 cm. |
||
| 700 | 1 |
_aGaos, José. _953902 |
|
| 852 |
_aES-MaACL _jA-4602 _bR.16612 |
||
| 999 |
_c139563 _d139563 |
||